[Event "Lloyds Bank Masters 3rd"]
[Site "London"]
[Date "1979.08.23"]
[Round "2"]
[White "Iskov, Gert"]
[Black "Westerinen, Heikki MJ"]
[Result "1/2-1/2"]
[WhiteElo "2370"]
[BlackElo "2465"]
[PlyCount "123"]
[EventDate "1979.08.22"]
[EventType "swiss"]
[EventRounds "9"]
[EventCountry "ENG"]
[SourceTitle "Big Database 2020"]
[Source "ChessBase"]
[SourceDate "1999.07.01"]
[SourceVersion "1"]
[SourceVersionDate "1999.07.01"]
[SourceQuality "1"]

1. c4 e6 2. Nc3 d5 3. d4 c5 4. cxd5 exd5 5. Nf3 Nc6 6. g3 Nf6 7. Bg2 Be7 8. O-O
O-O 9. b3 Be6 10. Bb2 Rc8 11. Rc1 b6 12. e3 Ne4 13. dxc5 Nxc3 14. Bxc3 bxc5 15.
Qd2 Qb6 16. Ne5 Nxe5 17. Bxe5 Rfd8 18. Bc3 Rd7 19. Rfd1 Bg4 20. Re1 Qe6 21. b4
c4 22. a4 Bf5 23. Rcd1 Bd3 24. Qb2 a6 25. b5 Rb8 26. Be5 Bf6 27. Bxf6 gxf6 28.
Bf1 Be4 29. Qe2 Qf5 30. Bg2 Bd3 31. Qd2 Rdb7 32. bxa6 Ra7 33. Qa5 Rb2 34. Rd2
Rxd2 35. Qxd2 Rxa6 36. Qb4 Qe5 37. Rd1 Kg7 38. Qb5 Rd6 39. Qc5 d4 40. exd4 Rxd4
41. Qb4 Rd8 42. Qb6 Rd6 43. Qe3 Qxe3 44. fxe3 c3 45. Rc1 c2 46. Kf2 Bg6 47. Ke1
Ra6 48. e4 Rxa4 49. Rxc2 Bxe4 50. Bxe4 Rxe4+ 51. Kf2 h5 52. Kf3 f5 53. Rc6 f6
54. Rc7+ Kg6 55. Rc8 Ra4 56. Rg8+ Kh7 57. Rb8 Ra2 58. h3 Rh2 59. h4 Ra2 60. Rb4
Kg6 61. Rc4 Rb2 62. Ra4 1/2-1/2

[Event "Lloyds Bank Masters 3rd"]
[Site "London"]
[Date "1979.08.23"]
[Round "2"]
[White "Jansson, Borje"]
[Black "Botterill, George Steven"]
[Result "1/2-1/2"]
[WhiteElo "2410"]
[BlackElo "2390"]
[PlyCount "79"]
[EventDate "1979.08.22"]
[EventType "swiss"]
[EventRounds "9"]
[EventCountry "ENG"]
[SourceTitle "Big Database 2020"]
[Source "ChessBase"]
[SourceDate "1999.07.01"]
[SourceVersion "1"]
[SourceVersionDate "1999.07.01"]
[SourceQuality "1"]

1. e4 e6 2. d4 d5 3. Nc3 Bb4 4. e5 c5 5. a3 Bxc3+ 6. bxc3 Ne7 7. Qg4 Qc7 8.
Qxg7 Rg8 9. Qxh7 cxd4 10. Kd1 dxc3 11. Nf3 Nbc6 12. Bf4 Qb6 13. Ke1 Bd7 14. Ng5
Nxe5 15. Bxe5 Rxg5 16. Bf6 Rg6 17. Qh4 Ng8 18. Be5 f6 19. Bd3 Rh6 20. Qg3 O-O-O
21. Bxc3 d4 22. Bd2 Rh5 23. Qg6 Re5+ 24. Kf1 Qb2 25. Rd1 Qxa3 26. f4 Rd5 27.
Kf2 Qf8 28. Ra1 Ne7 29. Qe4 Nc6 30. Rhb1 Qh6 31. Bc4 f5 32. Qf3 Ne5 33. Bxd5
Nxf3 34. Bxb7+ Kc7 35. Ba5+ Kd6 36. Bxf3 Ke7 37. Bxd8+ Kxd8 38. Rb8+ Ke7 39.
Rxa7 Qxf4 40. Rbb7 1/2-1/2

[Event "Lloyds Bank Masters 3rd"]
[Site "London"]
[Date "1979.08.23"]
[Round "2"]
[White "Kraidman, Yair"]
[Black "Pein, Malcolm"]
[Result "0-1"]
[WhiteElo "2445"]
[BlackElo "2205"]
[PlyCount "76"]
[EventDate "1979.08.22"]
[EventType "swiss"]
[EventRounds "9"]
[EventCountry "ENG"]
[SourceTitle "Big Database 2020"]
[Source "ChessBase"]
[SourceDate "1999.07.01"]
[SourceVersion "1"]
[SourceVersionDate "1999.07.01"]
[SourceQuality "1"]

1. d4 Nf6 2. c4 g6 3. Nc3 d5 4. Nf3 Bg7 5. Bf4 O-O 6. Rc1 c6 7. e3 Be6 8. Be2
dxc4 9. Ng5 Bd5 10. e4 h6 11. exd5 hxg5 12. dxc6 Nxc6 13. Be3 Nd5 14. O-O Nxe3
15. fxe3 Na5 16. Ne4 b5 17. b3 Rc8 18. bxc4 Nxc4 19. Qb3 Qd5 20. Bf3 Qd7 21.
Nc5 Qc7 22. Rfd1 e5 23. Ne4 Qb6 24. Nxg5 exd4 25. exd4 Bxd4+ 26. Kh1 Be3 27.
Nxf7 Rxf7 28. Bd5 Bxc1 29. Bxf7+ Kxf7 30. Qf3+ Kg8 31. Qd5+ Kh8 32. Rxc1 Rf8
33. h3 Qe3 34. Rd1 Qe5 35. Qc6 Ne3 36. Re1 Qg3 37. Qc3+ Kh7 38. Qd2 Qxe1+ 0-1

[Event "Lloyds Bank Masters 3rd"]
[Site "London"]
[Date "1979.08.23"]
[Round "2"]
[White "Pagden, Michael Ashley"]
[Black "Fuster, Geza"]
[Result "1-0"]
[WhiteElo "2265"]
[BlackElo "2300"]
[PlyCount "59"]
[EventDate "1979.08.22"]
[EventType "swiss"]
[EventRounds "9"]
[EventCountry "ENG"]
[SourceTitle "Big Database 2020"]
[Source "ChessBase"]
[SourceDate "1999.07.01"]
[SourceVersion "1"]
[SourceVersionDate "1999.07.01"]
[SourceQuality "1"]

1. c4 c6 2. e4 d5 3. exd5 cxd5 4. cxd5 Nf6 5. Nc3 Nxd5 6. Bc4 e6 7. Nf3 Be7 8.
O-O O-O 9. d4 b6 10. Re1 Bb7 11. Ne5 Nf6 12. Qd3 Nc6 13. Nxc6 Bxc6 14. Bg5 Rc8
15. Bb3 Qc7 16. Bc2 g6 17. Qh3 Nd5 18. Ne4 f5 19. Bb3 fxe4 20. Qxe6+ Kh8 21.
Bxe7 Nxe7 22. d5 Bxd5 23. Bxd5 Nxd5 24. Qxd5 Qc2 25. Qd4+ Kg8 26. Rad1 Rce8 27.
Rd2 Qc6 28. Rde2 Rf4 29. g3 Rg4 30. f4 1-0

[Event "Lloyds Bank Masters 3rd"]
[Site "London"]
[Date "1979.08.23"]
[Round "2"]
[White "Petursson, Margeir"]
[Black "Kerkhoff, Leo"]
[Result "1-0"]
[WhiteElo "2420"]
[BlackElo "2300"]
[PlyCount "83"]
[EventDate "1979.08.22"]
[EventType "swiss"]
[EventRounds "9"]
[EventCountry "ENG"]
[SourceTitle "Big Database 2020"]
[Source "ChessBase"]
[SourceDate "1999.07.01"]
[SourceVersion "1"]
[SourceVersionDate "1999.07.01"]
[SourceQuality "1"]

1. d4 Nf6 2. c4 g6 3. Nc3 Bg7 4. e4 d6 5. Be2 O-O 6. Nf3 e5 7. dxe5 dxe5 8.
Qxd8 Rxd8 9. Bg5 Re8 10. Nd5 Nxd5 11. cxd5 c6 12. Bc4 cxd5 13. Bxd5 Na6 14. Ke2
Nb4 15. Bb3 Bd7 16. Rhc1 Rac8 17. Nd2 Nc6 18. Be3 Nd4+ 19. Bxd4 exd4 20. Kd3
Bh6 21. Rxc8 Rxc8 22. Bd5 Kf8 23. a4 b5 24. axb5 Bxb5+ 25. Bc4 Bxd2 26. Bxb5
Rb8 27. Bc4 Rxb2 28. Rxa7 Be1 29. Rxf7+ Ke8 30. Kxd4 Rxf2 31. Rxh7 Rxg2 32. Kd5
Rb2 33. e5 g5 34. Ke6 Rb6+ 35. Kf5 Bd2 36. Be6 Rb4 37. Bf7+ Kf8 38. e6 Rh4 39.
Bh5 Bb4 40. Kf6 Be7+ 41. Kg6 Bd6 42. e7+ 1-0

[Event "Lloyds Bank Masters 3rd"]
[Site "London"]
[Date "1979.08.23"]
[Round "2"]
[White "Povah, Nigel Edward"]
[Black "Balinas, Rosendo Carrean"]
[Result "0-1"]
[WhiteElo "2325"]
[BlackElo "2365"]
[PlyCount "76"]
[EventDate "1979.08.22"]
[EventType "swiss"]
[EventRounds "9"]
[EventCountry "ENG"]
[SourceTitle "Big Database 2020"]
[Source "ChessBase"]
[SourceDate "1999.07.01"]
[SourceVersion "1"]
[SourceVersionDate "1999.07.01"]
[SourceQuality "1"]

1. e4 c5 2. Nf3 d6 3. d4 cxd4 4. Nxd4 Nf6 5. Nc3 a6 6. Bg5 e6 7. f4 Nbd7 8. Qf3
Qc7 9. O-O-O Be7 10. g4 h6 11. Bxf6 Nxf6 12. h4 g6 13. f5 Bd7 14. g5 hxg5 15.
hxg5 Nh5 16. fxg6 fxg6 17. Qg4 O-O-O 18. Nxe6 Ng7 19. Rxh8 Rxh8 20. Bc4 Qxc4
21. Nd5 Bxe6 22. Nxe7+ Kd7 23. Qf4 Kxe7 24. Qf6+ Ke8 25. b3 Qc7 26. Rd2 Qe7 27.
Qd4 Rh4 28. Qa7 Rxe4 29. Kb2 Qxg5 30. Qb8+ Qd8 31. Qxb7 Qf6+ 32. Ka3 d5 33.
Qxa6 Qa1 34. Qc6+ Kf7 35. Qc7+ Kg8 36. Qd8+ Kh7 37. Rh2+ Nh5 38. Qe7+ Qg7 0-1

[Event "Lloyds Bank Masters 3rd"]
[Site "London"]
[Date "1979.08.23"]
[Round "2"]
[White "Sharif, Mershad"]
[Black "Friedgood, David"]
[Result "1/2-1/2"]
[WhiteElo "2445"]
[BlackElo "2310"]
[PlyCount "111"]
[EventDate "1979.08.22"]
[EventType "swiss"]
[EventRounds "9"]
[EventCountry "ENG"]
[SourceTitle "Big Database 2020"]
[Source "ChessBase"]
[SourceDate "1999.07.01"]
[SourceVersion "1"]
[SourceVersionDate "1999.07.01"]
[SourceQuality "1"]

1. e4 d6 2. d4 g6 3. Nf3 Nf6 4. Nc3 Bg7 5. Be2 O-O 6. O-O c6 7. Re1 Qc7 8. e5
dxe5 9. Nxe5 Be6 10. Bf4 Qc8 11. Qd2 Rd8 12. Qe3 Nbd7 13. Rad1 Nb6 14. Bh6 Bxh6
15. Qxh6 c5 16. dxc5 Qxc5 17. Nd3 Qc7 18. Bf3 Nbd5 19. Nb5 Qb6 20. c4 Nc7 21.
Nxc7 Qxc7 22. b3 a5 23. h3 Rd4 24. Nb2 Rad8 25. Qe3 Rxd1 26. Rxd1 Rxd1+ 27.
Nxd1 Nd7 28. Nc3 b6 29. Bd5 Nc5 30. Bxe6 fxe6 31. Nb5 Qd8 32. Nd4 Qd6 33. f4
Kf7 34. Nf3 Ke8 35. Ne5 Qd1+ 36. Kh2 Qc2 37. Qf3 Qe4 38. Qxe4 Nxe4 39. a3 Nd2
40. b4 a4 41. Kg3 Nb1 42. Nd3 Nxa3 43. Nb2 Kd7 44. Kf3 Kc6 45. Nxa4 Nxc4 46.
Nc3 e5 47. fxe5 Nxe5+ 48. Ke4 Nf7 49. h4 Nd6+ 50. Ke5 Nc4+ 51. Ke6 Ne3 52. g4
Nxg4 53. Kxe7 Ne5 54. Kf6 Nf3 55. Kg7 Nxh4 56. Kxh7 1/2-1/2

[Event "Lloyds Bank Masters 3rd"]
[Site "London"]
[Date "1979.08.23"]
[Round "2"]
[White "Van Baarle, John"]
[Black "Chandler, Murray G"]
[Result "0-1"]
[WhiteElo "2325"]
[BlackElo "2380"]
[PlyCount "108"]
[EventDate "1979.08.22"]
[EventType "swiss"]
[EventRounds "9"]
[EventCountry "ENG"]
[SourceTitle "Big Database 2020"]
[Source "ChessBase"]
[SourceDate "1999.07.01"]
[SourceVersion "1"]
[SourceVersionDate "1999.07.01"]
[SourceQuality "1"]

1. d4 Nf6 2. c4 g6 3. Nc3 d5 4. Nf3 Bg7 5. Bg5 Ne4 6. cxd5 Nxg5 7. Nxg5 e6 8.
Nf3 exd5 9. e3 c6 10. Be2 Bf8 11. O-O Bd6 12. e4 dxe4 13. Nxe4 Be6 14. Qc1 O-O
15. Qh6 f6 16. Rae1 Rf7 17. Bd1 Bf8 18. Qe3 Bd5 19. Nc3 Re7 20. Qf4 Rxe1 21.
Nxe1 Bf7 22. Bf3 Na6 23. Nd3 Qd6 24. Qxd6 Bxd6 25. d5 cxd5 26. Nxd5 Kg7 27. Nc3
Rd8 28. Bxb7 Nc5 29. Nxc5 Bxc5 30. Ne4 Bb6 31. b3 f5 32. Ng5 Rd2 33. Nxf7 Kxf7
34. Rc1 Rxa2 35. g3 Ke6 36. Bc6 Rb2 37. Bb5 g5 38. Bc4+ Kf6 39. h3 h5 40. g4
fxg4 41. hxg4 hxg4 42. Kg2 Kf5 43. Kg3 Bc7+ 44. Kg2 g3 45. Bg8 Kf4 46. Kh3 g4+
47. Kg2 Bb6 48. Bd5 Rc2 49. Be6 gxf2 50. Bc4 Rc3 51. Rd1 Rg3+ 52. Kf1 Rg1+ 53.
Ke2 Rxd1 54. Kxd1 g3 0-1

[Event "Lloyds Bank Masters 3rd"]
[Site "London"]
[Date "1979.08.23"]
[Round "2"]
[White "Van der Weide, Piet"]
[Black "Donaldson, John W"]
[Result "1-0"]
[WhiteElo "2290"]
[BlackElo "2310"]
[PlyCount "163"]
[EventDate "1979.08.22"]
[EventType "swiss"]
[EventRounds "9"]
[EventCountry "ENG"]
[SourceTitle "Big Database 2020"]
[Source "ChessBase"]
[SourceDate "1999.07.01"]
[SourceVersion "1"]
[SourceVersionDate "1999.07.01"]
[SourceQuality "1"]

1. e4 e6 2. Qe2 c5 3. Nf3 Nc6 4. g3 g6 5. Bg2 Bg7 6. d3 Nge7 7. Nbd2 O-O 8. h4
f5 9. h5 fxe4 10. Nxe4 d5 11. Neg5 e5 12. hxg6 hxg6 13. c3 Bg4 14. Rh4 Bf5 15.
Qf1 Nc8 16. Nh7 Re8 17. Bg5 Qb6 18. O-O-O e4 19. dxe4 Rxe4 20. Nf6+ Bxf6 21.
Bxf6 N6e7 22. Rh8+ Kf7 23. Be5 Ke6 24. Bf4 Nd6 25. Rxa8 Nc4 26. b3 Qa5 27. Ng5+
Kf6 28. Nxe4+ Bxe4 29. Qxc4 dxc4 30. Bxe4 Qxc3+ 31. Bc2 Nc6 32. Rd6+ Ke7 33.
Rxc6 Qe1+ 34. Bd1 Qc3+ 35. Kb1 bxc6 36. Rxa7+ Ke6 37. Rc7 Qe1 38. Rxc6+ Ke7 39.
Rd6 cxb3 40. axb3 Qxf2 41. Rd2 Qg1 42. Kc2 Kf7 43. Be2 g5 44. Bd6 Qe3 45. Bc4+
Kg6 46. Re2 Qg1 47. Be5 Qh1 48. Bd3+ Kf7 49. Kd2 Qg1 50. Re3 Qg2+ 51. Be2 Qa8
52. Rf3+ Ke6 53. Bb2 Qa5+ 54. Kd1 Qd8+ 55. Kc2 Qa8 56. Re3+ Kd6 57. Be5+ Ke6
58. Bf3 Qa6 59. Bb2+ Kd6 60. Be2 Qa8 61. Be5+ Ke6 62. Bg4+ Ke7 63. Bd4+ Kd6 64.
Re6+ Kc7 65. Be5+ Kd8 66. Bf6+ Kc7 67. Re3 Qa2+ 68. Bb2 Qa8 69. Bf3 Qf8 70.
Be5+ Kb6 71. Bc3 Qf5+ 72. Be4 Qf2+ 73. Bd2 Qf1 74. Rd3 Qe2 75. Bf5 Kc6 76. g4
Qe7 77. Re3 Qa7 78. Kb2 Qg7+ 79. Rc3 Qe5 80. Bxg5 Qe2+ 81. Rc2 Qe5+ 82. Ka2 1-0

[Event "Lloyds Bank Masters 3rd"]
[Site "London"]
[Date "1979.08.23"]
[Round "2"]
[White "Yeo, Michael J"]
[Black "Silva Morales, Marco A"]
[Result "0-1"]
[WhiteElo "2200"]
[BlackElo "2295"]
[PlyCount "86"]
[EventDate "1979.08.22"]
[EventType "swiss"]
[EventRounds "9"]
[EventCountry "ENG"]

1. e4 e5 2. Nf3 Nc6 3. d4 exd4 4. Nxd4 Bc5 5. Nb3 Bb6 6. a4 Qh4 7. Qe2 a6 8.
Nc3 Nge7 9. g3 Qf6 10. Nd5 Nxd5 11. exd5+ Ne7 12. a5 Ba7 13. Ra4 O-O 14. Bg2 c6
15. dxc6 dxc6 16. O-O Ng6 17. h4 Bf5 18. h5 Rfe8 19. Be3 Nf8 20. g4 Qh4 21.
Rfa1 Bxe3 22. gxf5 Bf4 23. Qf3 Qh2+ 24. Kf1 Be5 25. c3 Re7 26. Qh3 Qxh3 27.
Bxh3 Nd7 28. Bg4 Rae8 29. Kg2 Bb8 30. f4 Nf6 31. Bf3 Nd5 32. Kg3 Re3 33. Nc5
R8e7 34. Rd1 h6 35. c4 Nxf4 36. Rd8+ Re8 37. Rxb8 Nxh5+ 38. Kg2 Rxb8 39. Bxh5
Rd8 40. Ra3 Rd2+ 41. Kf1 Re5 42. b4 Rxf5+ 43. Ke1 Rb2 {Source: Michael J Yeo,
contributed 19 May 2021} 0-1

[Event "Lloyds Bank Masters 3rd"]
[Site "London"]
[Date "1979.08.24"]
[Round "3"]
[White "Balinas, Rosendo Carrean"]
[Black "Chandler, Murray G"]
[Result "0-1"]
[WhiteElo "2365"]
[BlackElo "2380"]
[PlyCount "120"]
[EventDate "1979.08.22"]
[EventType "swiss"]
[EventRounds "9"]
[EventCountry "ENG"]
[SourceTitle "Big Database 2020"]
[Source "ChessBase"]
[SourceDate "1999.07.01"]
[SourceVersion "1"]
[SourceVersionDate "1999.07.01"]
[SourceQuality "1"]

1. e4 d6 2. f4 Nf6 3. Nc3 g6 4. Nf3 Bg7 5. d4 O-O 6. e5 dxe5 7. fxe5 Nd5 8. Ne4
Bf5 9. Ng3 Bg4 10. Be2 c5 11. c4 Nb4 12. dxc5 Qxd1+ 13. Kxd1 Rd8+ 14. Bd2 N8c6
15. a3 Nd3 16. Kc2 Nxc5 17. Be3 Ne6 18. Rad1 Bxf3 19. Bxf3 Ned4+ 20. Bxd4 Nxd4+
21. Rxd4 Rxd4 22. Bxb7 Rb8 23. Bd5 Bxe5 24. b3 Rd8 25. Ne2 R4xd5 26. cxd5 Rxd5
27. b4 f5 28. a4 Kf7 29. b5 Ke6 30. Rb1 Kd7 31. Rb4 Bxh2 32. Rh4 Bc7 33. Rxh7
g5 34. Rh5 f4 35. Nc3 Re5 36. Kd3 Re3+ 37. Kc4 g4 38. Rd5+ Ke6 39. Rg5 Be5 40.
Nd1 Re4+ 41. Kb3 f3 42. gxf3 gxf3 43. a5 Re1 44. Nf2 Bd4 45. Nd3 f2 46. Nxf2
Bxf2 47. Rg2 Be3 48. b6 axb6 49. a6 b5 50. Ra2 Bc5 51. Ra5 Ba7 52. Kc3 Re5 53.
Ra2 Kd6 54. Kb4 Kc6 55. Ka5 Bb6+ 56. Kb4 Re4+ 57. Kb3 Re3+ 58. Kb4 Bc5+ 59. Ka5
Ra3+ 60. Rxa3 Bxa3 0-1

[Event "Lloyds Bank Masters 3rd"]
[Site "London"]
[Date "1979.08.24"]
[Round "3"]
[White "Botterill, George Steven"]
[Black "Boersma, Paul"]
[Result "1-0"]
[WhiteElo "2390"]
[BlackElo "2350"]
[PlyCount "61"]
[EventDate "1979.08.22"]
[EventType "swiss"]
[EventRounds "9"]
[EventCountry "ENG"]
[SourceTitle "Big Database 2020"]
[Source "ChessBase"]
[SourceDate "1999.07.01"]
[SourceVersion "1"]
[SourceVersionDate "1999.07.01"]
[SourceQuality "1"]

1. d4 d5 2. c4 c6 3. Nf3 Nf6 4. Nc3 dxc4 5. a4 Na6 6. e3 Bg4 7. Bxc4 e6 8. O-O
Nb4 9. Qe2 Be7 10. Rd1 O-O 11. h3 Bh5 12. g4 Bg6 13. Ne5 c5 14. Nxg6 hxg6 15.
d5 exd5 16. g5 Bd6 17. gxf6 dxc4 18. Qxc4 gxf6 19. Ne4 Bh2+ 20. Kxh2 Qxd1 21.
Bd2 Qf3 22. Bc3 Rfc8 23. Nxf6+ Kf8 24. Rf1 Rc6 25. Nd7+ Ke8 26. Ne5 Qd5 27. Qh4
Rd8 28. Qh8+ Ke7 29. Nxc6+ Qxc6 30. Qh4+ Kd7 31. Rd1+ 1-0

[Event "Lloyds Bank Masters 3rd"]
[Site "London"]
[Date "1979.08.24"]
[Round "3"]
[White "Ginsburg, Mark"]
[Black "Basman, Michael J"]
[Result "0-1"]
[WhiteElo "2340"]
[BlackElo "2405"]
[PlyCount "136"]
[EventDate "1979.08.22"]
[EventType "swiss"]
[EventRounds "9"]
[EventCountry "ENG"]
[SourceTitle "Big Database 2020"]
[Source "ChessBase"]
[SourceDate "1999.07.01"]
[SourceVersion "1"]
[SourceVersionDate "1999.07.01"]
[SourceQuality "1"]

1. e4 g5 2. d4 h6 3. c4 d6 4. Nc3 Nc6 5. h4 gxh4 6. d5 Ne5 7. f4 Ng6 8. Nf3 Bg7
9. Bd3 Bg4 10. Qa4+ Kf8 11. Nxh4 Nxh4 12. Rxh4 h5 13. Rh1 c5 14. Be3 a6 15. Qc2
Rb8 16. a4 Nf6 17. Kd2 Qa5 18. Ra3 Qc7 19. Kc1 Bd7 20. Rf1 Ng4 21. Bg1 h4 22.
Rf3 Nf6 23. Kb1 Bg4 24. Re3 Nh5 25. Be2 Bxe2 26. Nxe2 Bh6 27. Rh3 Nxf4 28. Rxh4
Ng6 29. Rh5 Bg7 30. Ng3 b5 31. axb5 axb5 32. cxb5 Rxb5 33. Ra8+ Rb8 34. Rxb8+
Qxb8 35. Be3 Qb5 36. Rxh8+ Bxh8 37. Nf5 Be5 38. Bc1 Bf6 39. g4 Ke8 40. Qd1 Nf4
41. Qf3 Qd3+ 42. Qxd3 Nxd3 43. Bh6 Nf2 44. Kc2 Nxe4 45. Bf4 Kd7 46. Nh6 Bg5 47.
Bxg5 Nxg5 48. b4 cxb4 49. Kb3 e6 50. Kxb4 exd5 51. Kc3 Ke6 52. Kd4 Nf3+ 53. Ke3
Ne5 54. Kd4 Nc6+ 55. Ke3 d4+ 56. Ke4 d5+ 57. Kf4 d3 58. Ke3 Ne5 59. g5 d4+ 60.
Kd2 Kd6 61. Nf5+ Kd5 62. Nh6 Ke4 63. Kd1 Nc4 64. Kc1 d2+ 65. Kc2 d3+ 66. Kd1
Kd4 67. g6 Kc3 68. g7 Ne3# 0-1

[Event "Lloyds Bank Masters 3rd"]
[Site "London"]
[Date "1979.08.24"]
[Round "3"]
[White "Goodman, David SC"]
[Black "Britton, Richard"]
[Result "1-0"]
[WhiteElo "2340"]
[BlackElo "2300"]
[PlyCount "59"]
[EventDate "1979.08.22"]
[EventType "swiss"]
[EventRounds "9"]
[EventCountry "ENG"]
[SourceTitle "Big Database 2020"]
[Source "ChessBase"]
[SourceDate "1999.07.01"]
[SourceVersion "1"]
[SourceVersionDate "1999.07.01"]
[SourceQuality "1"]

1. d4 Nf6 2. c4 e6 3. Nf3 b6 4. a3 Bb7 5. Nc3 d5 6. Bg5 h6 7. Bxf6 Qxf6 8. cxd5
exd5 9. e3 c6 10. b4 Be7 11. Qb3 Qe6 12. Bd3 O-O 13. O-O Nd7 14. Rfe1 a5 15. e4
dxe4 16. Bc4 Qg6 17. Nxe4 axb4 18. Bd3 Ba6 19. Bb1 bxa3 20. Neg5 Qf6 21. Nh7
Qd6 22. Nxf8 Bxf8 23. Ba2 Qf4 24. Re4 Qf6 25. Rae1 Bb5 26. Ne5 Nxe5 27. dxe5
Qe6 28. Qc2 Bd3 29. Qd2 Bb4 30. Rxb4 1-0

[Event "Lloyds Bank Masters 3rd"]
[Site "London"]
[Date "1979.08.24"]
[Round "3"]
[White "Kerkhoff, Leo"]
[Black "Yeo, Michael J"]
[Result "1-0"]
[WhiteElo "2300"]
[BlackElo "2200"]
[PlyCount "67"]
[EventDate "1979.08.22"]
[EventType "swiss"]
[EventRounds "9"]
[EventCountry "ENG"]
[SourceTitle "Big Database 2020"]
[Source "ChessBase"]
[SourceDate "1999.07.01"]
[SourceVersion "1"]
[SourceVersionDate "1999.07.01"]
[SourceQuality "1"]

1. e4 e5 2. Nf3 Nc6 3. Bb5 a6 4. Ba4 d6 5. d4 b5 6. Bb3 Nxd4 7. Nxd4 exd4 8. c3
dxc3 9. Nxc3 Nf6 10. e5 dxe5 11. Bxf7+ Ke7 12. Qb3 c5 13. Bd5 c4 14. Qd1 Nxd5
15. Qf3 Rb8 16. Bg5+ Nf6 17. Rd1 Qe8 18. Bxf6+ gxf6 19. Nd5+ Kf7 20. Nxf6 Bb4+
21. Kf1 Qe6 22. Nd7+ Ke7 23. Nxb8 e4 24. Qg3 Rf8 25. Qc7+ Kf6 26. Nc6 e3 27.
Nd4 Qg4 28. f3 Kg6 29. Qe5 Qg5 30. Qe4+ Bf5 31. Nxf5 Qxf5 32. Qxe3 Rf6 33. h4
h6 34. Qe8+ 1-0

[Event "Lloyds Bank Masters 3rd"]
[Site "London"]
[Date "1979.08.24"]
[Round "3"]
[White "Littlewood, Paul E"]
[Black "Haik, Aldo"]
[Result "1-0"]
[WhiteElo "2405"]
[BlackElo "2435"]
[PlyCount "59"]
[EventDate "1979.08.22"]
[EventType "swiss"]
[EventRounds "9"]
[EventCountry "ENG"]
[SourceTitle "Big Database 2020"]
[Source "ChessBase"]
[SourceDate "1999.07.01"]
[SourceVersion "1"]
[SourceVersionDate "1999.07.01"]
[SourceQuality "1"]

1. d4 Nf6 2. c4 d6 3. Nc3 e5 4. Nf3 e4 5. Ng5 Bf5 6. Qb3 Nc6 7. Be3 h6 8. Nh3
a5 9. Nf4 a4 10. Nxa4 d5 11. Nxd5 Nxd5 12. cxd5 Na5 13. Qc2 Qxd5 14. Nc3 Qc4
15. g4 Bg6 16. Bg2 Bb4 17. Bxe4 O-O 18. O-O Bxe4 19. Qxe4 Bxc3 20. bxc3 f5 21.
gxf5 Rae8 22. Qf3 Rf7 23. Kh1 Ref8 24. Rg1 Rxf5 25. Qg2 R8f7 26. Bxh6 Rh5 27.
Bxg7 Qc6 28. f3 Nc4 29. Bf6+ Kh7 30. Qg6# 1-0

[Event "Lloyds Bank Masters 3rd"]
[Site "London"]
[Date "1979.08.24"]
[Round "3"]
[White "Martin, Andrew D"]
[Black "Cummings, David H"]
[Result "1-0"]
[WhiteElo "2330"]
[BlackElo "2265"]
[PlyCount "77"]
[EventDate "1979.08.22"]
[EventType "swiss"]
[EventRounds "9"]
[EventCountry "ENG"]
[SourceTitle "Big Database 2020"]
[Source "ChessBase"]
[SourceDate "1999.07.01"]
[SourceVersion "1"]
[SourceVersionDate "1999.07.01"]
[SourceQuality "1"]

1. e4 c5 2. d4 cxd4 3. c3 dxc3 4. Nxc3 Nc6 5. Bc4 e6 6. f4 Nf6 7. e5 d5 8. Bd3
Nd7 9. Nf3 f5 10. exf6 Nxf6 11. Ne5 Bd6 12. Qe2 O-O 13. O-O Qe8 14. Bd2 Nd7 15.
Nb5 Bb8 16. Nxc6 bxc6 17. Nd4 Nf6 18. Rae1 Bc7 19. Kh1 Bb6 20. Bc3 c5 21. Nf3
d4 22. Bd2 Bb7 23. Ng5 Bd5 24. Bc4 Qc6 25. Nxe6 Rfe8 26. f5 Bxc4 27. Qxc4 Qd5
28. Qd3 Qb7 29. Bg5 Qf7 30. Bxf6 Qxf6 31. Re4 Rac8 32. b3 Kh8 33. g4 Qe7 34. g5
Qb7 35. Qf3 Qd7 36. Qg4 Bc7 37. f6 Qd6 38. fxg7+ Kg8 39. Qh5 1-0

[Event "Lloyds Bank Masters 3rd"]
[Site "London"]
[Date "1979.08.24"]
[Round "3"]
[White "Pein, Malcolm"]
[Black "Sharif, Mershad"]
[Result "1/2-1/2"]
[WhiteElo "2205"]
[BlackElo "2445"]
[PlyCount "53"]
[EventDate "1979.08.22"]
[EventType "swiss"]
[EventRounds "9"]
[EventCountry "ENG"]
[SourceTitle "Big Database 2020"]
[Source "ChessBase"]
[SourceDate "1999.07.01"]
[SourceVersion "1"]
[SourceVersionDate "1999.07.01"]
[SourceQuality "1"]

1. d4 Nf6 2. c4 e6 3. Nc3 Bb4 4. Bg5 h6 5. Bh4 c5 6. Rc1 cxd4 7. Qxd4 Nc6 8.
Bxf6 Qxf6 9. Qxf6 gxf6 10. a3 Bxc3+ 11. Rxc3 b6 12. g3 Bb7 13. Bg2 d6 14. e3
Rc8 15. Ne2 Ke7 16. Nd4 Na5 17. Bxb7 Nxb7 18. Ke2 f5 19. b4 a6 20. Rhc1 Rc7 21.
R3c2 Rhc8 22. Kd2 Nd8 23. Kd3 Kf6 24. Kd2 Nb7 25. Kd3 Nd8 26. Kd2 Ke7 27. Kd3
1/2-1/2

[Event "Lloyds Bank Masters 3rd"]
[Site "London"]
[Date "1979.08.24"]
[Round "3"]
[White "Plaskett, H James"]
[Black "Petursson, Margeir"]
[Result "0-1"]
[WhiteElo "2410"]
[BlackElo "2420"]
[PlyCount "90"]
[EventDate "1979.08.22"]
[EventType "swiss"]
[EventRounds "9"]
[EventCountry "ENG"]
[SourceTitle "Big Database 2020"]
[Source "ChessBase"]
[SourceDate "1999.07.01"]
[SourceVersion "1"]
[SourceVersionDate "1999.07.01"]
[SourceQuality "1"]

1. e4 c5 2. Nf3 Nc6 3. d4 cxd4 4. Nxd4 g6 5. c4 Bg7 6. Be3 Nf6 7. Nc3 O-O 8.
Be2 d6 9. O-O Bd7 10. Nc2 Ne5 11. b3 Rc8 12. h3 Bc6 13. f3 b6 14. Qd2 Ned7 15.
Rac1 Nc5 16. Rfd1 a5 17. Nd4 Bb7 18. Ndb5 Nfd7 19. Bg5 Bf6 20. Bxf6 Nxf6 21.
Qg5 Ne6 22. Qe3 Nd7 23. f4 Bc6 24. Bg4 Bxb5 25. Nxb5 Qe8 26. f5 Nec5 27. f6 Rc6
28. Bxd7 Nxd7 29. fxe7 Qxe7 30. Qd4 Ne5 31. Nxd6 Qg5 32. Qc3 h5 33. Nf5 gxf5
34. Qxe5 Qe3+ 35. Kh1 Qxe4 36. Qg3+ Rg6 37. Qf2 Kh7 38. Re1 Qc6 39. Rc2 Qf6 40.
c5 bxc5 41. Rxc5 Rg5 42. Rxa5 Rfg8 43. Qf3 R8g6 44. Rf1 Qb2 45. Rxf5 Rxf5 0-1

[Event "Lloyds Bank Masters 3rd"]
[Site "London"]
[Date "1979.08.24"]
[Round "3"]
[White "Povah, Nigel Edward"]
[Black "Pagden, Michael Ashley"]
[Result "1-0"]
[WhiteElo "2325"]
[BlackElo "2265"]
[PlyCount "47"]
[EventDate "1979.08.22"]
[EventType "swiss"]
[EventRounds "9"]
[EventCountry "ENG"]
[SourceTitle "Big Database 2020"]
[Source "ChessBase"]
[SourceDate "1999.07.01"]
[SourceVersion "1"]
[SourceVersionDate "1999.07.01"]
[SourceQuality "1"]

1. e4 d6 2. d4 Nf6 3. Nc3 g6 4. Bc4 Bg7 5. Nf3 O-O 6. Qe2 c6 7. e5 Ne8 8. Bf4
b5 9. Bd3 Nc7 10. Qd2 Bg4 11. Bh6 Ne6 12. Bxg7 Kxg7 13. Ng5 dxe5 14. h3 Nxg5
15. hxg4 f6 16. dxe5 Qd4 17. f4 Ne6 18. exf6+ exf6 19. g3 Kg8 20. O-O-O Nc5 21.
Qh2 Qe3+ 22. Kb1 Qe7 23. Bxg6 hxg6 24. Qh8+ 1-0